书目信息 |
| 题名: |
彼岸世界的幻化
|
|
| 作者: | 孙坚 , 于馥华 著 | |
| 分册: | ||
| 出版信息: | 长春 长春出版社 2016.01 |
|
| 页数: | 258页 | |
| 开本: | 24cm | |
| 丛书名: | 西方社会文化生活丛书 | |
| 单 册: | ||
| 中图分类: | B92 | |
| 科图分类: | ||
| 主题词: | 信仰--xin yang--研究--西方国家 | |
| 电子资源: | ||
| ISBN: | 978-7-5445-4095-7 | |
| 000 | 01140nam 2200313 450 | |
| 001 | CAL 0120161783066 | |
| 005 | 20160401091039.2 | |
| 010 | @a978-7-5445-4095-7@b@dCNY38.00 | |
| 100 | @a20160331d2016 em y0chiy50 ea | |
| 101 | 0 | @achi |
| 102 | @aCN@b220000 | |
| 105 | @aa a 000yy | |
| 106 | @ar | |
| 200 | 1 | @a彼岸世界的幻化@Abi an shi jie de huan hua@e西方人信仰的嬗变@f孙坚, 于馥华著@g |
| 210 | @a长春@c长春出版社@d2016.01 | |
| 215 | @a258页@c图@d24cm | |
| 225 | 2 | @a西方社会文化生活丛书@Axi fang she hui wen hua sheng huo cong shu |
| 300 | @a国家出版基金项目 | |
| 320 | @a有书目 | |
| 330 | @a本书围绕西方人信仰世界的基督教展开, 叙述了西方人信仰内容的发展与演变, 展现了西方人的信仰生活及其文化。主要内容包括: 从懵懂初开到基督教信仰、中世纪西欧人的宗教世界、宗教与科学的博弈等。 | |
| 410 | 0 | @12001 @a西方社会文化生活丛书 |
| 517 | 1 | @a西方人信仰的嬗变@Axi fang ren xin yang de shan bian |
| 606 | 0 | @a信仰@Axin yang@x研究@x西方国家 |
| 690 | @aB92@v5 | |
| 701 | 0 | @a孙坚@Asun jian@4著 |
| 701 | 0 | @a于馥华@Ayu fu hua@4著 |
| 801 | 0 | @aCN@b人天书店@c20160331@g |
| 905 | @aBZT@dB92@e3 | |
| 906 | @dCNY38.00@n3@r1 | |
| 彼岸世界的幻化:西方人信仰的嬗变/孙坚, 于馥华著.-长春:长春出版社,2016.01 |
| 258页:图;24cm.-(西方社会文化生活丛书) |
| 国家出版基金项目 |
| ISBN 978-7-5445-4095-7:CNY38.00 |
| 本书围绕西方人信仰世界的基督教展开, 叙述了西方人信仰内容的发展与演变, 展现了西方人的信仰生活及其文化。主要内容包括: 从懵懂初开到基督教信仰、中世纪西欧人的宗教世界、宗教与科学的博弈等。 |
| ● |
| 相关链接 |
|
|
|
正题名:彼岸世界的幻化
索取号:B92/3
 
预约/预借
| 序号 | 登录号 | 条形码 | 馆藏地/架位号 | 状态 | 备注 |
| 1 | 839885 | 2000839885 | 第二书库/ [索取号:B92/3] | 在馆 | |
| 2 | 839886 | 2000839886 | 第二书库/ [索取号:B92/3] | 在馆 | |
| 3 | 839887 | 2000839887 | 第二书库/ [索取号:B92/3] | 在馆 |